Word Chain - Percy Jackson #2 - Statistics

General Stats
  • This quiz has been taken 71 times
  • The average score is 16 of 20
Answer Stats
Hint Answer % Correct
Percy's father Poseidon
96%
Percy's mom Sally
96%
Annabeth's mother Athena
95%
Son of Hades Nico di Angelo
95%
God who sent Percy and Annabeth through the Tunnel of Love Ares
93%
Goddess who led the "Hunters" Artemis
93%
Father of Luke Hermes
93%
A half-goat half-human Satyr
93%
Annabeth's magical item Yankee's Cap
91%
Praetor of Camp Jupiter Reyna
89%
Animal species of George and Martha Snake
88%
Stuffed animal murderer Octavian
86%
One-eyed son of Nemesis Ethan Nakamura
82%
Boarding school Percy was in when Mrs. Dodds attacked Yancy Academy
79%
Women who stalks Annabeth, Percy, and Grover on the subway, then follows them onto the Gateway Arch Echidna
70%
Where the Second Titan Wars took place Manhattan
68%
Goddess who Percy, Leo, Frank, and Hazel captured Nike
68%
Healer that gave Jason glasses, and gave Leo a vial of gorgon blood Asclepius
54%
Nature spirits that at Camp Half-Blood, for took in underwater basket weaving Nymph
54%
Type of sword Nico uses Stygian iron
53%
No matching quizzes found
Score Distribution
Percent of People with Each Score
Percentile by Number Answered
Your Score History
You have not taken this quiz